Born in Aalborg - Statistics

General Stats
  • This quiz has been taken 18 times
    7 since last reset
  • The average score is 5 of 11
Answer Stats
Hint Answer % Correct
Ice hockey forward who plays for the Winnipeg Jets and the Danish national team 1996 Nikolaj Ehlers
83%
Former footballer who played for Schalke 04, Brøndby IF and the Danish national team 1972 Ebbe Sand
50%
Head coach of the Finnish football national team since 2025 1976 Jacob Friis
50%
Handball player who plays for Magdeburg and the Danish national team 1996 Magnus Saugstrup
50%
Prime Minister of Denmark since 2019 1977 Mette Frederiksen
50%
Handball player who plays for Aalborg and the Danish national team 1994 Simon Hald Jensen
50%
Footballer who plays for Bayer Leverkusen and the Danish national team 2002 Cornelia Kramer
33%
Cinematographer , "Shape of Water" "John Wick" 1954 Dan Laustsen
33%
Football coach of the Danish women's national team from 2017 to 2023 1959 Lars Søndergaard
33%
Actor, he received the Bodil for this role in "The Olsen Gang in a Fix" 1930 Preben Kaas
33%
Scandinavian monarch under the Kalmar Union, King of Denmark, Norway and Sweden 1455 John
17%
No matching quizzes found
Score Distribution
Percent of People with Each Score
Percentile by Number Answered
Your Score History
You have not taken this quiz since the last reset